00630cam a22001937a 4500003000500000005001700005008004100022010000800063011000900071035000800080040000900088111008400097245001300181260008500194300001000279650002800289710005800317710006100375CHAP20220817040808.0971013s1989 r 10010 d a445 a1417 a593 cCHAP00aCongreso Nacional sobre Floricultura en Méxicon(1d: 1989c: Toluca, Méx.) 0aPrograma aToluca, Edo. de México :bUniversidad Autónoma del Estado de México,c1989 a11 h.14aFloriculturazMéxico.0 aConsejo Nacional de Ciencia y Tecnología. México.0 aMéxico. Dirección General de Planeación Educativa.